REGULATION OF PHARMACEUTICALS IN DEVELOPING CONTRIES (Record no. 767136)

MARC details
000 -LEADER
fixed length control field 00414nam a2200169Ia 4500
008 - FIXED-LENGTH DATA ELEMENTS--GENERAL INFORMATION
fixed length control field 230725s1991 xx 000 0 und d
041 ## - LANGUAGE CODE
Language code of text/sound track or separate title eng
082 ## - DEWEY DECIMAL CLASSIFICATION NUMBER
Classification number 615.4
245 ## - TITLE STATEMENT
Title REGULATION OF PHARMACEUTICALS IN DEVELOPING CONTRIES
260 ## - PUBLICATION, DISTRIBUTION, ETC.
Place of publication, distribution, etc. DELHI
Name of publisher, distributor, etc. C.B.S. PUBLISHERS & DISTRUTORS
Date of publication, distribution, etc. 1991
300 ## - PHYSICAL DESCRIPTION
Extent 118
365 ## - TRADE PRICE
Tax rate 1 15%
500 ## - GENERAL NOTE
General note REFERENCE
501 ## - WITH NOTE
With note REF
520 ## - SUMMARY, ETC.
Summary, etc. PB
650 ## - SUBJECT ADDED ENTRY--TOPICAL TERM
Topical term or geographic name entry element REFERENCE

No items available.